Normal view
MARC view
- Harrera
Entry Personal Name
001 - CONTROL NUMBER
- control field: 7242
003 - CONTROL NUMBER IDENTIFIER
- control field: OSt
005 - DATE AND TIME OF LATEST TRANSACTION
- control field: 20250224115649.0
008 - FIXED-LENGTH DATA ELEMENTS
- fixed length control field: 250224|| aca||aabn | a|a d
040 ## - CATALOGING SOURCE
- Original cataloging agency: OSt
- Transcribing agency: OSt
100 ## - HEADING--PERSONAL NAME
- Personal name: Harrera
670 ## - SOURCE DATA FOUND
- Source citation: Work cat.: (OSt)19446: Lorente, Jijan B 7241, Hand Book of Agriculture
